Adam : Aku darah anak Malaysia

Bibliographic Details
Format: Book
Published: Selangor : Alaf 21 , 2002
Subjects:

MARC

LEADER 00000cam a2200000 7i4500
001 0000004104
005 20160426.0
020 0 0 |a 9831240995 
090 0 0 |a 899.2333   |b RAM 
245 1 0 |a Adam :   |b Aku darah anak Malaysia   |c Ramlee Awang Murshid 
260 0 0 |a Selangor :   |b Alaf 21 ,   |c 2002 
300 |a 570 pages ;   |c 19cm. 
650 0 0 |a Malay fiction 
998 |a JPSM 
999 |a 007970   |b Monograph   |c Open Shelf   |e Default branch